000 00592cam a2200169 4500500
005 20260322013903.0
041 _afre
042 _adc
100 1 0 _aAppaix, Florence
_eauthor
700 1 0 _aMonnereau, Cyrille
_eauthor
700 1 0 _aSANDEN, Boudewijn VAN DER
_eauthor
245 0 0 _a3D visualization of cerebral vasculature using two-photon microscopy
260 _c2026.
500 _a45
786 0 _nHealthcare technologies | - | 2026-03-05 | p. 14-14
856 4 1 _uhttps://stm.cairn.info/medical-imaging-wave-therapies--bdti42607210-med500-page-14?lang=en&redirect-ssocas=7080
999 _c1784442
_d1784442